All Taylor Swift Songs - Statistics

General Stats
  • This quiz has been taken 41 times
  • The average score is 91 of 240
Answer Stats
Album Track # Answer % Correct
Speak Now (Taylor's Version) 15 Ours
77%
Taylor Swift 1 Tim McGraw
73%
Taylor Swift 11 Our Song
68%
Taylor Swift 2 Picture to Burn
68%
Taylor Swift 3 Teardrops On My Guitar
68%
Taylor Swift 7 Tied Together With a Smile
68%
Taylor Swift 5 Cold As You
64%
Fearless (Taylor's Version) 1 Fearless
59%
Taylor Swift (Deluxe) 13 Invisible
59%
1989 (Taylor's Version) 6 Shake It Off
59%
Taylor Swift 9 Should've Said No
59%
1989 (Taylor's Version) 3 Style
59%
Red (Taylor's Version) 6 22
55%
Red (Taylor's Version) 5 All Too Well
55%
Red (Taylor's Version) 30 All Too Well (10 Minute Version)
55%
Taylor Swift 4 A Place In This World
55%
1989 (Taylor's Version) 2 Blank Space
55%
Lover 2 Cruel Summer
55%
Fearless (Taylor's Version) 2 Fifteen
55%
Midnights 1 Lavender Haze
55%
Fearless (Taylor's Version) 3 Love Story
55%
Red (Taylor's Version) 2 Red
55%
evermore 1 willow
55%
Fearless (Taylor's Version) 6 You Belong With Me
55%
Midnights 3 Anti-Hero
50%
folklore 8 august
50%
folklore 14 betty
50%
Midnights 4 Snow on the Beach
50%
Midnights (Til Dawn/The Late Night Tracks) 22 Snow On The Beach (feat. More Lana Del Rey)
50%
evermore 15 evermore
50%
folklore 4 exile
50%
The Tortured Poets Department 1 Fortnight
50%
folklore 10 illicit affairs
50%
Midnights 11 Karma
50%
Midnights (Til Dawn/The Late Night Tracks) 23 Karma (feat. Ice Spice)
50%
Lover 3 Lover
50%
Taylor Swift 10 Mary's Song (Oh My My My)
50%
Lover 16 ME!
50%
Speak Now (Taylor's Version) 4 Speak Now
50%
Taylor Swift 6 The Outside
50%
Fearless (Taylor's Version) 5 White Horse
50%
Taylor Swift (Deluxe) 14 A Perfectly Good Heart
45%
1989 (Taylor's Version) 8 Bad Blood
45%
folklore 2 cardigan
45%
reputation 5 Delicate
45%
The Tortured Poets Department 8 Florida!!!
45%
The Tortured Poets Department 2 The Tortured Poets Department
45%
reputation 4 Don't Blame Me
45%
reputation 2 End Game
45%
evermore 10 ivy
45%
reputation 6 Look What You Made Me Do
45%
Midnights 2 Maroon
45%
Midnights 6 Midnight Rain
45%
Speak Now (Taylor's Version) 1 Mine
45%
Lover 7 Miss Americana & The Heartbreak Prince
45%
Fearless (Taylor's Version) 22 Mr. Perfectly Fine
45%
1989 (Taylor's Version) 4 Out of the Woods
45%
reputation 1 ...Ready For It?
45%
folklore 1 the 1
45%
Lover 5 The Archer
45%
Red (Taylor's Version) 10 The Last Time
45%
Lover 4 The Man
45%
evermore 4 'tis the damn season
45%
1989 (Taylor's Version) 1 Welcome To New York
45%
1989 (Taylor's Version) 15 You Are In Love
45%
Speak Now (Taylor's Version) 3 Back to December
41%
Midnights 9 Bejeweled
41%
Fearless (Taylor's Version) 26 Bye Bye Baby
41%
evermore 2 champagne problems
41%
The Tortured Poets Department 16 Clara Bow
41%
1989 (Taylor's Version) 13 Clean
41%
Speak Now (Taylor's Version) 5 Dear John
41%
The Tortured Poets Department 3 My Boy Only Breaks His Favorite Toys
41%
reputation 12 Dress
41%
Speak Now (Taylor's Version) 17 Electric Touch
41%
reputation 9 Getaway Car
41%
The Tortured Poets Department 9 Guilty as Sin?
41%
reputation 3 I Did Something Bad
41%
Lover 1 I Forgot That You Existed
41%
Red (Taylor's Version) 4 I Knew You Were Trouble
41%
1989 (Taylor's Version) 12 I Know Places
41%
folklore 11 invisible string
41%
Lover 11 London Boy
41%
Speak Now (Taylor's Version) 14 Long Live
41%
folklore 12 mad woman
41%
Midnights 13 Mastermind
41%
Speak Now (Taylor's Version) 6 Mean
41%
folklore 5 my tears ricochet
41%
1989 (Taylor's Version) 16 New Romantics
41%
Midnights (3am Edition) 16 Paris
41%
The Tortured Poets Department: The Anthology 14 Robin
41%
Speak Now (Taylor's Version) 2 Sparks Fly
41%
Taylor Swift 8 Stay Beautiful
41%
Speak Now (Taylor's Version) 16 Superman
41%
Fearless (Taylor's Version) 18 Superstar
41%
The Tortured Poets Department 15 The Alchemy
41%
folklore 17 the lakes
41%
The Tortured Poets Department: The Anthology 15 The Manuscript
41%
Midnights 5 You're on Your Own, Kid
41%
Lover 19 All Of The Girls You Loved Before
36%
1989 (Taylor's Version) 5 All You Had To Do Was Stay
36%
Red (Taylor's Version) 24 Babe
36%
Speak Now (Taylor's Version) 10 Better Than Revenge
36%
evermore 11 cowboy like me
36%
reputation 11 Dancing With Our Hands Tied
36%
Speak Now (Taylor's Version) 20 Castles Crumbling
36%
Red (Taylor's Version) 20 State Of Grace (Acoustic Version)
36%
The Tortured Poets Department 4 Down Bad
36%
Speak Now (Taylor's Version) 9 Enchanted
36%
Fearless (Taylor's Version) 11 Forever & Always
36%
Fearless (Taylor's Version) 16 Forever & Always (Piano Version)
36%
evermore 3 gold rush
36%
reputation 8 Gorgeous
36%
Speak Now (Taylor's Version) 12 Haunted
36%
Fearless (Taylor's Version) 4 Hey Stephen
36%
folklore 16 hoax
36%
The Tortured Poets Department: The Anthology 5 How Did It End?
36%
1989 (Taylor's Version) 10 How You Get the Girl
36%
Speak Now (Taylor's Version) 19 I Can See You
36%
Taylor Swift (Deluxe) 12 I'm Only Me When I'm With You
36%
1989 (Taylor's Version) 21 Is It Over Now?
36%
Lover 6 I Think He Knows
36%
Lover 17 It's Nice To Have A Friend
36%
1989 (Taylor's Version) 7 I Wish You Would
36%
reputation 10 King of My Heart
36%
reputation 15 New Year's Day
36%
1989 (Taylor's Version) 19 Now That We Don't Talk
36%
Lover 8 Paper Rings
36%
folklore 15 peace
36%
The Tortured Poets Department: The Anthology 12 Peter
36%
Midnights 7 Question... ?
36%
evermore 16 right where you left me
36%
The Tortured Poets Department: The Anthology 6 So High School
36%
The Tortured Poets Department 5 So Long, London
36%
Red (Taylor's Version) 1 State of Grace
36%
1989 (Taylor's Version) 20 Suburban Legends
36%
Fearless (Taylor's Version) 12 The Best Day
36%
Midnights (3am Edition) 14 The Great War
36%
folklore 3 the last great american dynasty
36%
Fearless (Taylor's Version) 10 The Way I Loved You
36%
folklore 9 this is me trying
36%
reputation 13 This Is Why We Can't Have Nice Things
36%
1989 (Taylor's Version) 11 This Love
36%
Speak Now (Taylor's Version) 22 Timeless
36%
Fearless (Taylor's Version) 20 Today Was A Fairytale
36%
evermore 5 tolerate it
36%
Red (Taylor's Version) 8 We Are Never Ever Getting Back Together
36%
The Tortured Poets Department 10 Who's Afraid of Little Old Me?
36%
1989 (Taylor's Version) 9 Wildest Dreams
36%
Midnights (3am Edition) 19 Would've, Could've, Should've
36%
Lover 14 You Need To Calm Down
36%
Lover 15 Afterglow
32%
Red (Taylor's Version) 22 Better Man
32%
Midnights (3am Edition) 15 Bigger Than The Whole Sky
32%
Fearless (Taylor's Version) 7 Breathe
32%
The Tortured Poets Department 6 But Daddy I Love Him
32%
Fearless (Taylor's Version) 13 Change
32%
Red (Taylor's Version) 18 Come Back... Be Here
32%
Lover 9 Cornelia Street
32%
Lover 18 Daylight
32%
evermore 9 coney island
32%
The Tortured Poets Department 13 I Can Do It With a Broken Heart
32%
evermore 6 no body, no crime
32%
Red (Taylor's Version) 23 Nothing New
32%
The Tortured Poets Department 14 The Smallest Man Who Ever Lived
32%
evermore 8 dorothea
32%
folklore 13 epiphany
32%
Red (Taylor's Version) 14 Everything Has Changed
32%
Red (Taylor's Version) 27 Forever Winter
32%
The Tortured Poets Department 7 Fresh Out the Slammer
32%
Speak Now (Taylor's Version) 11 Innocent
32%
evermore 17 it's time to go
32%
Fearless (Taylor's Version) 14 Jump Then Fall
32%
Speak Now (Taylor's Version) 13 Last Kiss
32%
The Tortured Poets Department 12 loml
32%
evermore 13 marjorie
32%
folklore 6 mirrorball
32%
Red (Taylor's Version) 21 Ronan
32%
Red (Taylor's Version) 28 Run
32%
folklore 7 seven
32%
reputation 7 So It Goes...
32%
Midnights 12 Sweet Nothing
32%
Fearless (Taylor's Version) 24 That's When
32%
The Tortured Poets Department: The Anthology 3 The Albatross
32%
The Tortured Poets Department: The Anthology 1 The Black Dog
32%
Red (Taylor's Version) 13 The Lucky One
32%
Speak Now (Taylor's Version) 18 When Emma Falls in Love
32%
1989 (Taylor's Version) 14 Wonderland
32%
Fearless (Taylor's Version) 9 You're Not Sorry
32%
Red (Taylor's Version) 16 Begin Again
27%
reputation 14 Call It What You Want
27%
Fearless (Taylor's Version) 17 Come In With the Rain
27%
Midnights (3am Edition) 20 Dear Reader
27%
Lover 10 Death By A Thousand Cuts
27%
Red (Taylor's Version) 26 I Bet You Think About Me
27%
Fearless (Taylor's Version) 21 You All Over Me
27%
Midnights (Til Dawn/The Late Night Tracks) 24 You're Losing Me
27%
Speak Now (Taylor's Version) 21 Foolish One
27%
Red (Taylor's Version) 19 Girl At Home
27%
Midnights (Til Dawn/The Late Night Tracks) 21 Hits Different
27%
Red (Taylor's Version) 11 Holy Ground
27%
The Tortured Poets Department 11 I Can Fix Him (No Really I Can)
27%
Fearless (Taylor's Version) 27 If This Was A Movie
27%
The Tortured Poets Department: The Anthology 7 I Hate It Here
27%
Midnights 10 Labyrinth
27%
evermore 12 long story short
27%
Red (Taylor's Version) 25 Message In A Bottle
27%
Lover 12 Soon You'll Get Better
27%
The Tortured Poets Department: The Anthology 13 The Bolter
27%
Red (Taylor's Version) 17 The Moment I Knew
27%
Red (Taylor's Version) 29 The Very First Night
27%
The Tortured Poets Department: The Anthology 11 Cassandra
23%
The Tortured Poets Department: The Anthology 4 Chloe or Sam or Sophia or Marcus
23%
evermore 14 closure
23%
Fearless (Taylor's Version) 25 Don't You
23%
Red (Taylor's Version) 31 Eyes Open
23%
Red (Taylor's Version) 7 I Almost Do
23%
The Tortured Poets Department: The Anthology 9 I Look In People's Windows
23%
Red (Taylor's Version) 12 Sad Beautiful Tragic
23%
1989 (Taylor's Version) 18 Say Don't Go
23%
Red (Taylor's Version) 15 Starlight
23%
Red (Taylor's Version) 9 Stay Stay Stay
23%
1989 (Taylor's Version) 22 Sweeter Than Fiction
23%
Fearless (Taylor's Version) 8 Tell Me Why
23%
Fearless (Taylor's Version) 19 The Other Side of the Door
23%
The Tortured Poets Department: The Anthology 10 The Prophecy
23%
Speak Now (Taylor's Version) 7 The Story of Us
23%
Fearless (Taylor's Version) 15 Untouchable
23%
Fearless (Taylor's Version) 23 We Were Happy
23%
Midnights (3am Edition) 18 Glitch
18%
evermore 7 happiness
18%
Midnights (3am Edition) 17 High Infidelity
18%
The Tortured Poets Department: The Anthology 2 imgonnagetyouback
18%
Speak Now (Taylor's Version) 8 Never Grow Up
18%
Red (Taylor's Version) 32 Safe & Sound
18%
The Tortured Poets Department: The Anthology 8 thanK you aIMee
18%
Red (Taylor's Version) 3 Treacherous
18%
Lover 13 False God
14%
Midnights 8 Vigilante Sh*t
14%
1989 (Taylor's Version) 17 "Sl*t!"
9%
No matching quizzes found
Score Distribution
Percent of People with Each Score
Percentile by Number Answered
Your Score History
You have not taken this quiz